ত্রিপুরায় বাঙলা ভাষা ও সাহিত্য / (Record no. 39932)
[ view plain ]
| 000 -LEADER | |
|---|---|
| fixed length control field | 00964nam a2200229 a 4500 |
| 001 - CONTROL NUMBER | |
| control field | 39932 |
| 003 - CONTROL NUMBER IDENTIFIER | |
| rucl marc code | BD-RjUL |
| 005 - DATE AND TIME OF LATEST TRANSACTION | |
| control field | 20211209053109.0 |
| 008 - FIXED-LENGTH DATA ELEMENTS--GENERAL INFORMATION | |
| fixed length control field | 160420s1958 ii ||||| |||| 00| 0 ben d |
| 020 ## - INTERNATIONAL STANDARD BOOK NUMBER | |
| Terms of availability | : IRs 5.00 |
| 035 ## - SYSTEM CONTROL NUMBER | |
| System control number | (BD-RjUL)40046 |
| 040 ## - CATALOGING SOURCE | |
| Original cataloging agency | BD-RjUL |
| Language of cataloging | ben |
| Transcribing agency | BD-RjUL |
| 041 ## - LANGUAGE CODE | |
| Language code of text/sound track or separate title | ben |
| 082 ## - DEWEY DECIMAL CLASSIFICATION NUMBER | |
| Edition number | 23 |
| Classification number | 891.4409 |
| Author mark and year | PUT 1958 |
| 100 ## - MAIN ENTRY--PERSONAL NAME | |
| Personal name | পুরকায়স্থ, মোহিত |
| 9 (RLIN) | 123007 |
| 245 10 - TITLE STATEMENT | |
| Title | ত্রিপুরায় বাঙলা ভাষা ও সাহিত্য / |
| Statement of responsibility, etc. | মোহিত পুরকায়স্থ |
| 260 ## - PUBLICATION, DISTRIBUTION, ETC. (IMPRINT) | |
| Place of publication, distribution, etc. | কলিকাতা ঃ |
| Name of publisher, distributor, etc. | ফার্মা কে. এল. মুখপাধ্যায়, |
| Date of publication, distribution, etc. | ১৯৫৮ |
| 300 ## - PHYSICAL DESCRIPTION | |
| Pagination | [১০], ২৪৪ পৃ. ; |
| Size | ২১ সেমি |
| 650 ## - SUBJECT ADDED ENTRY--TOPICAL TERM | |
| Topical term or geographic name as entry element | বাংলা সাহিত্য |
| General subdivision | ইতিহাস ও সমালোচনা |
| 9 (RLIN) | 118060 |
| Topical term or geographic name as entry element | Bengali Literature |
| General subdivision | History and Criticism |
| 9 (RLIN) | 117020 |
| 942 ## - ADDED ENTRY ELEMENTS (KOHA) | |
| Source of classification or shelving scheme | Dewey Decimal Classification |
| Koha item type | Books |
| Lost status | Source of classification or shelving scheme | Damaged status | Not for loan | Collection code | Permanent Location | Current Location | Shelving location | Date acquired | Source of acquisition | Cost, normal purchase price | Total Checkouts | Full call number | Date last seen | Copy number | Koha item type |
|---|---|---|---|---|---|---|---|---|---|---|---|---|---|---|---|
| Dewey Decimal Classification | Not For Loan | Non-fiction | Central Library, University of Rajshahi | Central Library, University of Rajshahi | Reading Room | 16/04/1964 | Kol. Mukhopdha | 5.00 | B 891.4409 PUT 1958 | 20/04/2016 | C-2 | Books | |||
| Dewey Decimal Classification | Non-fiction | Central Library, University of Rajshahi | Central Library, University of Rajshahi | 16/04/1964 | K.L. Mukhopadhyao | 5.00 | B 891.4409 PUT 1958 | 01/06/2016 | C-3 | Books | |||||
| Dewey Decimal Classification | Non-fiction | Central Library, University of Rajshahi | Central Library, University of Rajshahi | 18/10/1963 | Kamal Book Dept. Dacca | 5.00 | B 891.4409 PUT 1958 | 02/10/2016 | C-4 | Books | |||||
| Dewey Decimal Classification | Non-fiction | Central Library, University of Rajshahi | Central Library, University of Rajshahi | 16/04/1964 | K. L. Mukhopodahay | 5.00 | B 891.4409 PUT 1958 | 02/10/2016 | C-5 | Books | |||||
| Dewey Decimal Classification | Non-fiction | Central Library, University of Rajshahi | Central Library, University of Rajshahi | 16/04/1964 | K.L. Mukhopadhyao | 5.00 | B 891.4409 PUT 1958 | 14/11/2016 | C-6 | Books | |||||
| Dewey Decimal Classification | Non-fiction | Central Library, University of Rajshahi | Central Library, University of Rajshahi | General Stacks | 16/04/1964 | K.L. Mukhopadhyao | 5.00 | B 891.4409 PUT 1958 | 25/08/2022 | C-7 | Books |